[Event "BL 1415 Werder Bremen - SG Solingen"]
[Site "?"]
[Date "2014.11.09"]
[Round "4.4"]
[White "Nyback, Tomi"]
[Black "Jussupow, Artur"]
[Result "1/2-1/2"]
[WhiteElo "2603"]
[BlackElo "2581"]
[PlyCount "53"]
[EventDate "2014.??.??"]

1. d4 Nf6 2. c4 e6 3. g3 d5 4. Nf3 Bb4+ 5. Bd2 Be7 6. Bg2 O-O 7. O-O Nbd7 8.
Qc2 c6 9. Bf4 a5 10. Nbd2 Nh5 11. Be3 Nhf6 12. c5 Ne8 13. Nb3 a4 14. Nc1 Nc7
15. Nd3 Nb5 16. Rad1 Re8 17. Rc1 f6 18. h4 Bf8 19. Bf4 Nxd4 20. Nxd4 e5 21. e4
dxe4 22. Bxe4 exd4 23. Rfe1 Kh8 24. Bxh7 Kxh7 25. Ne5+ Kg8 26. Qc4+ Kh7 27.
Qc2+ 1/2-1/2

[Event "BL 1415 Werder Bremen - SG Solingen"]
[Site "?"]
[Date "2014.11.09"]
[Round "4.5"]
[White "Nikolic, Predrag"]
[Black "Bluebaum, Matthias"]
[Result "1/2-1/2"]
[WhiteElo "2605"]
[BlackElo "2530"]
[PlyCount "140"]
[EventDate "2014.??.??"]

1. Nf3 d5 2. g3 Bg4 3. Bg2 e6 4. c4 c6 5. cxd5 Bxf3 6. Bxf3 cxd5 7. O-O Nc6 8.
d3 Nf6 9. Nc3 Be7 10. e4 d4 11. Nb1 Nd7 12. a3 a5 13. a4 Bg5 14. Nd2 Nc5 15.
Be2 Bxd2 16. Bxd2 Qb6 17. Qc2 Nb3 18. Ra3 Nxd2 19. Qxd2 O-O 20. Bd1 Ne5 21. f4
Nd7 22. Bb3 Qb4 23. Qd1 Nc5 24. f5 exf5 25. Rxf5 Rac8 26. Bd5 Qxb2 27. Ra2 Qc3
28. Rf3 Nd7 29. Bxb7 Rc7 30. Ba6 Ne5 31. Rf1 Rb8 32. Bb5 Rbc8 33. Ba6 Rb8 34.
Bb5 Qb4 35. Qb1 Qxb1 36. Rxb1 Rc3 37. Rd1 Rbc8 38. Kf2 g6 39. h3 Rc2+ 40. Rd2
Rc1 41. Kg2 R8c3 42. Rab2 Kg7 43. Rf2 h5 44. Rbd2 Rb1 45. Rf1 Rbb3 46. Rfd1 Ra3
47. Kf2 Rc5 48. Kg2 Rac3 49. Rf1 Rc2 50. Rxc2 Rxc2+ 51. Rf2 Rxf2+ 52. Kxf2 g5
53. h4 Ng6 54. hxg5 Ne5 55. Kf1 Kg6 56. Kg2 Kxg5 57. Kh3 f6 58. Ba6 Nd7 59. Bc4
Nc5 60. Bb5 Nb7 61. Bc6 Nd6 62. Bd5 Nc8 63. Bc4 Ne7 64. Bb5 Ng6 65. Be8 Ne7 66.
Bd7 Ng6 67. Be8 Ne5 68. Bb5 Nf3 69. Kg2 Ne5 70. Kh3 Nf3 1/2-1/2

[Event "BL 1415 Werder Bremen - SG Solingen"]
[Site "?"]
[Date "2014.11.09"]
[Round "4.6"]
[White "Smerdon, David"]
[Black "Naumann, Alexander"]
[Result "1-0"]
[WhiteElo "2506"]
[BlackElo "2560"]
[PlyCount "57"]
[EventDate "2014.??.??"]

1. e4 e5 2. Nf3 Nc6 3. Bc4 Bc5 4. c3 Nf6 5. d4 exd4 6. cxd4 Bb4+ 7. Nbd2 d5 8.
exd5 Nxd5 9. O-O O-O 10. a3 Bxd2 11. Bxd2 Bg4 12. h3 Bh5 13. Ba2 Qd6 14. Qb3
Rad8 15. g4 Bg6 16. Rfe1 Nf4 17. Bxf4 Qxf4 18. d5 Nb8 19. Qe3 Qxe3 20. Rxe3
Rfe8 21. Ne5 c6 22. d6 Kf8 23. Rae1 Bc2 24. Nxf7 Rxe3 25. Rxe3 Rd7 26. Be6 Rxf7
27. Bxf7 Kxf7 28. Re7+ Kf6 29. g5+ 1-0

[Event "BL 1415 Werder Bremen - SG Solingen"]
[Site "?"]
[Date "2014.11.09"]
[Round "4.7"]
[White "Handke, Florian"]
[Black "Markgraf, Alexander"]
[Result "1/2-1/2"]
[WhiteElo "2546"]
[BlackElo "2486"]
[PlyCount "85"]
[EventDate "2014.??.??"]

1. b3 e5 2. Bb2 Nc6 3. e3 g6 4. Bb5 Bg7 5. f4 Nge7 6. Nf3 d6 7. fxe5 O-O 8. O-O
dxe5 9. Ng5 Nb4 10. Bc4 Ned5 11. Nxf7 Rxf7 12. Rxf7 Kxf7 13. a3 Nxc2 14. Qxc2
Be6 15. Nc3 c6 16. Ne4 Qe7 17. h4 h6 18. b4 Kg8 19. Nc5 Bf7 20. Qe4 Rd8 21. Rf1
b6 22. Nd3 b5 23. Bb3 Re8 24. Bc2 h5 25. Nc5 a5 26. Rf3 axb4 27. axb4 Rd8 28.
Rf2 Rc8 29. Bb3 Rd8 30. g3 Rf8 31. Rf1 Rd8 32. Rf2 Rf8 33. Rf1 Rd8 34. Ra1 Rf8
35. Nd3 Re8 36. Rc1 Qd6 37. Rf1 Qe7 38. Rc1 Qd6 39. Rf1 Qe7 40. Ra1 Kh7 41. Bc2
Qc7 42. Rf1 Kg8 43. Bb3 1/2-1/2

[Event "BL 1415 Werder Bremen - SG Solingen"]
[Site "?"]
[Date "2014.11.09"]
[Round "4.8"]
[White "Meins, Gerlef"]
[Black "Appel, Ralf"]
[Result "1/2-1/2"]
[WhiteElo "2439"]
[BlackElo "2526"]
[PlyCount "88"]
[EventDate "2014.??.??"]

1. Nf3 d5 2. c4 e6 3. d4 c6 4. Nbd2 Nf6 5. Qc2 Nbd7 6. a3 b6 7. e4 dxe4 8. Nxe4
c5 9. Bg5 Bb7 10. d5 Be7 11. O-O-O Nxe4 12. Bxe7 Qxe7 13. Qxe4 O-O-O 14. Bd3
Qf6 15. Rhe1 h6 16. Qg4 h5 17. Qg5 h4 18. dxe6 fxe6 19. Qxf6 gxf6 20. Be4 Bxe4
21. Rxe4 h3 22. g3 e5 23. Nh4 Rh5 24. Rg4 Rg5 25. Rxg5 fxg5 26. Nf5 Kc7 27. Nd6
Rf8 28. Ne4 g4 29. Kd2 Nb8 30. Ke1 Nc6 31. Ng5 Re8 32. f3 gxf3 33. Nxf3 e4 34.
Ng5 Nd4 35. Kd2 Re5 36. Nxh3 Rh5 37. Nf4 Rxh2+ 38. Ke3 Nf5+ 39. Kxe4 Nxg3+ 40.
Kf3 Nf5 41. Ne6+ Kc6 42. Nd8+ Kc7 43. Ne6+ Kc6 44. Nd8+ Kc7 1/2-1/2

[Event "BL 1415 Turm Emsdetten - SV Mülheim No"]
[Site "?"]
[Date "2014.11.09"]
[Round "4.2"]
[White "Swiercz, Dariusz"]
[Black "Landa, Konstantin"]
[Result "1/2-1/2"]
[WhiteElo "2614"]
[BlackElo "2647"]
[PlyCount "95"]
[EventDate "2014.??.??"]

1. e4 e5 2. Nf3 Nf6 3. Nxe5 d6 4. Nf3 Nxe4 5. d4 d5 6. Bd3 Nc6 7. O-O Be7 8.
Nc3 Nxc3 9. bxc3 Bg4 10. Rb1 Rb8 11. h3 Bh5 12. Bf5 O-O 13. Re1 Bg6 14. Qd3
Bxf5 15. Qxf5 b5 16. Bf4 Rb6 17. Re2 Bf6 18. Rbe1 b4 19. cxb4 Nxb4 20. c3 g6
21. Qb1 Nc6 22. Qc1 Qd7 23. Bh6 Rfb8 24. Qf4 Bg7 25. Nh2 Bxh6 26. Qxh6 Rb1 27.
Ng4 Qd6 28. g3 Rxe1+ 29. Rxe1 Rf8 30. Kg2 f6 31. h4 Ne7 32. Qe3 Nf5 33. Nh6+
Nxh6 34. Qxh6 Qd7 35. Qf4 Kg7 36. Qf3 h5 37. Re3 c6 38. Qe2 Kf7 39. f3 Re8 40.
Rxe8 Qxe8 41. Qxe8+ Kxe8 42. g4 Kf7 43. Kg3 Ke7 44. Kf4 Ke6 45. Kg3 Kf7 46. Kf4
Ke6 47. Kg3 Kf7 48. Kf4 1/2-1/2

[Event "BL 1415 Turm Emsdetten - SV Mülheim No"]
[Site "?"]
[Date "2014.11.09"]
[Round "4.3"]
[White "Fridman, Daniel"]
[Black "Grandelius, Nils"]
[Result "1/2-1/2"]
[WhiteElo "2635"]
[BlackElo "2569"]
[PlyCount "91"]
[EventDate "2014.??.??"]

1. d4 Nf6 2. Nf3 d5 3. c4 e6 4. g3 Bb4+ 5. Bd2 Bd6 6. Nc3 Nc6 7. Bg5 dxc4 8. e4
e5 9. dxe5 Nxe5 10. Nxe5 Bxe5 11. Qxd8+ Kxd8 12. Bxc4 Be6 13. O-O-O+ Ke8 14.
Bxe6 fxe6 15. f3 Rd8 16. Rxd8+ Kxd8 17. Nb5 h6 18. Rd1+ Ke7 19. Be3 a6 20. Bc5+
Ke8 21. Na3 Nd7 22. Bg1 Ke7 23. Nc4 Bd6 24. f4 e5 25. Ne3 Ke6 26. f5+ Kf7 27.
Nc4 Ke7 28. Kd2 Nf6 29. Ke3 g5 30. fxg6 Rg8 31. Kf3 Rxg6 32. h3 Ke6 33. Ne3 Nh7
34. h4 h5 35. g4 hxg4+ 36. Nxg4 Nf6 37. Ne3 Rg8 38. Bh2 Rf8 39. Rf1 Nd5+ 40.
Nf5 Nf6 41. Ng7+ Kd7 42. Kg2 Ke7 43. Nf5+ Ke6 44. Ng7+ Ke7 45. Nf5+ Ke6 46.
Ng7+ 1/2-1/2

[Event "BL 1415 Turm Emsdetten - SV Mülheim No"]
[Site "?"]
[Date "2014.11.09"]
[Round "4.4"]
[White "Spoelman, Wouter"]
[Black "Tregubov, Pavel V"]
[Result "1/2-1/2"]
[WhiteElo "2572"]
[BlackElo "2607"]
[PlyCount "107"]
[EventDate "2014.??.??"]

1. d4 d5 2. c4 c6 3. Nf3 Nf6 4. e3 g6 5. Nc3 Bg7 6. Bd3 O-O 7. O-O a6 8. b3 Bg4
9. h3 Bxf3 10. Qxf3 e5 11. dxe5 Nfd7 12. cxd5 Nxe5 13. Qe2 cxd5 14. Rd1 Nbc6
15. Bb2 Qa5 16. Na4 Nb4 17. Bb1 Qb5 18. Qd2 Rad8 19. Nc3 Qb6 20. Na4 Qb5 21.
Nc3 Qb6 22. Na4 Qb5 23. f4 Nc4 24. bxc4 Qxa4 25. Bxg7 Kxg7 26. a3 f6 27. Re1 a5
28. Qb2 Nc6 29. cxd5 Rxd5 30. Qxb7+ Rf7 31. Qb2 Rfd7 32. Bc2 Qc4 33. Rad1 Ne7
34. Bb3 Rxd1 35. Bxd1 Qc5 36. Kh2 Rd3 37. e4 Qxa3 38. Qb5 Qc3 39. Rf1 Re3 40.
Bf3 Qc7 41. g3 h5 42. h4 Ng8 43. Rd1 Qc2+ 44. Kh3 Rb3 45. Qd7+ Kh8 46. f5 Rb2
47. Rh1 gxf5 48. Qxf5 Kg7 49. Qxh5 Nh6 50. e5 Qc8+ 51. g4 Qc3 52. exf6+ Qxf6
53. Qd5 Qf4 54. Qg5+ 1/2-1/2

[Event "BL 1415 Turm Emsdetten - SV Mülheim No"]
[Site "?"]
[Date "2014.11.09"]
[Round "4.5"]
[White "Berelowitsch, Alexander"]
[Black "Pruijssers, Roeland"]
[Result "1-0"]
[WhiteElo "2549"]
[BlackElo "2511"]
[PlyCount "79"]
[EventDate "2014.??.??"]

1. e4 e5 2. Nf3 Nc6 3. Bb5 Bc5 4. c3 Nf6 5. d4 exd4 6. e5 Ne4 7. cxd4 Bb4+ 8.
Nbd2 d5 9. Bxc6+ bxc6 10. Qa4 Bxd2+ 11. Nxd2 Nxd2 12. Bxd2 Bd7 13. Qa3 Qh4 14.
O-O Qxd4 15. Be3 Qg4 16. Rac1 a5 17. Bc5 h5 18. h3 Qf4 19. b4 a4 20. Be3 Qh4
21. b5 Bxh3 22. gxh3 Qxh3 23. Bc5 Qg4+ 24. Kh2 cxb5 25. Rg1 Qf5 26. Qe3 a3 27.
Rg5 Qe6 28. Bb4 c6 29. f4 d4 30. Qxd4 Qxa2+ 31. Rg2 Qd5 32. Qxd5 cxd5 33. Bxa3
Kd7 34. Bd6 Ra7 35. Rxg7 Ke6 36. Rg5 d4 37. Rc5 Rha8 38. f5+ Kd7 39. Rg7 Ra2+
40. Kh3 1-0

[Event "BL 1415 Turm Emsdetten - SV Mülheim No"]
[Site "?"]
[Date "2014.11.09"]
[Round "4.6"]
[White "Burg, Twan"]
[Black "Hausrath, Daniel"]
[Result "1-0"]
[WhiteElo "2518"]
[BlackElo "2515"]
[PlyCount "113"]
[EventDate "2014.??.??"]

1. e4 d6 2. d4 Nf6 3. Nc3 e5 4. Nf3 Nbd7 5. Bc4 Be7 6. O-O O-O 7. a4 a6 8. Ba2
b6 9. Qe2 c6 10. Rd1 Qc7 11. dxe5 Nxe5 12. Nd4 Bg4 13. f3 Bd7 14. g4 d5 15.
exd5 Bc5 16. Bf4 Rae8 17. Kh1 Bd6 18. Qf1 c5 19. Nde2 b5 20. axb5 axb5 21. Ng3
Nxf3 22. Bxd6 Qxd6 23. Qxf3 Bxg4 24. Qg2 Bxd1 25. Rxd1 Re5 26. Nxb5 Qd7 27. Bc4
Ng4 28. Nf1 Rf5 29. Rd2 Rf4 30. b3 Ra8 31. h3 Ne5 32. Be2 Ra1 33. Kh2 Raxf1 34.
Bxf1 Nf3+ 35. Kg3 Qf5 36. Re2 Qg5+ 37. Kf2 Qh4+ 38. Ke3 Ne5 39. Kd2 f6 40. Kc1
Rf3 41. Rd2 Qf4 42. Bc4 Nxc4 43. bxc4 Rf1+ 44. Kb2 Qxc4 45. Na3 Qb4+ 46. Ka2
Re1 47. d6 Qc3 48. Qd5+ Kf8 49. Rd1 Rxd1 50. Qxd1 Qd4 51. Qxd4 cxd4 52. Kb3 d3
53. c4 g5 54. c5 h5 55. c6 Ke8 56. c7 Kd7 57. Nc4 1-0

[Event "BL 1415 Turm Emsdetten - SV Mülheim No"]
[Site "?"]
[Date "2014.11.09"]
[Round "4.7"]
[White "Feygin, Michael"]
[Black "Van Foreest, Jorden"]
[Result "1/2-1/2"]
[WhiteElo "2488"]
[BlackElo "2455"]
[PlyCount "178"]
[EventDate "2014.??.??"]

1. e4 e5 2. Nf3 Nc6 3. Bb5 g6 4. c3 a6 5. Ba4 d6 6. d4 Bd7 7. O-O Bg7 8. Re1
Nf6 9. d5 Ne7 10. c4 O-O 11. Nc3 h6 12. c5 Kh7 13. Be3 Ng4 14. cxd6 cxd6 15.
Bxd7 Nxe3 16. Rxe3 Qxd7 17. Na4 Qd8 18. Rb3 b5 19. Nc3 Rb8 20. a4 b4 21. Ne2 f5
22. Nd2 h5 23. exf5 Nxf5 24. Ne4 Bh6 25. Rf3 Rc8 26. Qd3 a5 27. N2g3 Qc7 28. h3
Bf4 29. Nxf5 gxf5 30. Rxf4 exf4 31. Ng5+ Kg8 32. Ne6 Qc2 33. Qd4 Rf7 34. Qxf4
Qxb2 35. Re1 Qf6 36. h4 b3 37. Qg3+ Kh8 38. Qxb3 Qxh4 39. Qb2+ Qf6 40. Qb6 Qc3
41. Re3 Qb4 42. Qa6 Rg8 43. Qe2 f4 44. Rf3 Qb1+ 45. Kh2 Qg6 46. Qf1 Qg4 47. Rh3
Rf6 48. f3 Qf5 49. Qa1 Kh7 50. Kh1 Rxg2 51. Nxf4 Rg5 52. Rh4 Qxf4 53. Rxf4 Rxf4
54. Qe1 Rg7 55. Kh2 Rxa4 56. Qb1+ Rg6 57. Kh3 Rf4 58. Qb7+ Kh6 59. Qa8 Rxf3+
60. Kh2 Rf4 61. Kh3 a4 62. Qh8+ Kg5 63. Qd8+ Rgf6 64. Qg8+ Kf5 65. Qc8+ Ke5 66.
Qe8+ Kxd5 67. Qb5+ Kd4 68. Qxa4+ Ke5 69. Qe8+ Re6 70. Qxh5+ Rf5 71. Qh8+ Ke4
72. Qa8+ Kf4 73. Qa4+ Re4 74. Qd1 Ke5 75. Qa1+ Ke6 76. Qa8 Ke5 77. Qh8+ Rf6 78.
Kg3 d5 79. Qb8+ Kf5 80. Qc8+ Rfe6 81. Qf8+ Ke5 82. Qh8+ Kd6 83. Qd8+ Ke5 84.
Qg5+ Kd4 85. Qd2+ Kc4 86. Qa2+ Kc5 87. Qa5+ Kd4 88. Qd2+ Ke5 89. Qg5+ Kd4
1/2-1/2

[Event "BL 1415 Turm Emsdetten - SV Mülheim No"]
[Site "?"]
[Date "2014.11.09"]
[Round "4.8"]
[White "Janssen, Ruud"]
[Black "Dinstuhl, Volkmar"]
[Result "1/2-1/2"]
[WhiteElo "2460"]
[BlackElo "2411"]
[PlyCount "89"]
[EventDate "2014.??.??"]

1. c4 e5 2. Nc3 Bb4 3. e4 Nf6 4. Nge2 O-O 5. g3 d6 6. Bg2 Be6 7. d3 a5 8. O-O
c6 9. f4 b5 10. f5 Bc8 11. h3 Nbd7 12. g4 h6 13. Kh2 Ba6 14. cxb5 cxb5 15. Ng3
Bxc3 16. bxc3 Rc8 17. h4 Rxc3 18. g5 hxg5 19. hxg5 Nh7 20. Qh5 b4 21. f6 Bxd3
22. fxg7 Kxg7 23. Qh6+ Kh8 24. Nf5 Rg8 25. Nxd6 Bc4 26. Rxf7 Ndf8 27. g6 Rxg6
28. Rxf8+ Qxf8 29. Qxg6 Rxc1 30. Rxc1 Qf4+ 31. Qg3 Qxc1 32. Qxe5+ Kg8 33. Qg3+
Kh8 34. Qe5+ Kg8 35. Nf5 Qg5 36. Qxa5 Qf4+ 37. Kh1 Qc1+ 38. Kh2 Qf4+ 39. Kg1
Qc1+ 40. Kf2 Qf4+ 41. Bf3 Qh2+ 42. Bg2 Qf4+ 43. Kg1 Qc1+ 44. Kh2 Qf4+ 45. Kg1
1/2-1/2

[Event "BL 1415 Bayern München - SSC Rostock"]
[Site "?"]
[Date "2014.11.09"]
[Round "4.1"]
[White "Tomczak, Jacek"]
[Black "Bezold, Michael"]
[Result "1/2-1/2"]
[WhiteElo "2560"]
[BlackElo "2520"]
[PlyCount "43"]
[EventDate "2014.??.??"]

1. e4 c5 2. Nf3 e6 3. d4 cxd4 4. Nxd4 a6 5. Nc3 b5 6. Bd3 d6 7. f4 Bb7 8. a3
Nf6 9. Qf3 g6 10. Be3 Nbd7 11. O-O Rc8 12. Nde2 h5 13. Kh1 Qc7 14. Qh3 Be7 15.
Rae1 Qb8 16. Bd4 e5 17. fxe5 dxe5 18. Be3 Ng4 19. Bd2 Qd6 20. Qg3 Nc5 21. Rd1
Qe6 22. Nf4 1/2-1/2

[Event "BL 1415 Bayern München - SSC Rostock"]
[Site "?"]
[Date "2014.11.09"]
[Round "4.2"]
[White "Bischoff, Klaus"]
[Black "Brynell, Stellan"]
[Result "1/2-1/2"]
[WhiteElo "2504"]
[BlackElo "2459"]
[PlyCount "40"]
[EventDate "2014.??.??"]

1. Nf3 Nf6 2. c4 e6 3. Nc3 d5 4. d4 Bb4 5. cxd5 exd5 6. Bg5 h6 7. Bxf6 Qxf6 8.
Qb3 c5 9. a3 Bxc3+ 10. bxc3 c4 11. Qb2 O-O 12. g3 Bf5 13. Nd2 Re8 14. Bg2 Qc6
15. Nf1 Nd7 16. Ne3 Be4 17. a4 Nf6 18. O-O Bxg2 19. Nxg2 Re7 20. f3 Rae8
1/2-1/2

[Event "BL 1415 Bayern München - SSC Rostock"]
[Site "?"]
[Date "2014.11.09"]
[Round "4.3"]
[White "Szelag, Marcin"]
[Black "Schenk, Andreas"]
[Result "0-1"]
[WhiteElo "2456"]
[BlackElo "2491"]
[PlyCount "82"]
[EventDate "2014.??.??"]

1. e4 e6 2. d4 d5 3. Nc3 Nf6 4. e5 Nfd7 5. f4 c5 6. Nf3 Nc6 7. Be3 Be7 8. Qd2
b6 9. Bd3 O-O 10. O-O f5 11. exf6 Nxf6 12. Kh1 Bd7 13. Rae1 c4 14. Be2 Bb4 15.
Bg1 Qc7 16. Ng5 h6 17. Nh3 Ne4 18. Qe3 Ne7 19. g4 Bxc3 20. bxc3 Ba4 21. Bd1 Qd6
22. Bf2 Qa3 23. Bg3 Qxc3 24. Qxc3 Nxc3 25. Rxe6 Nc6 26. Re3 Nxd1 27. Rxd1 Bxc2
28. Rd2 Bb1 29. f5 Rfe8 30. Ra3 a5 31. Nf4 b5 32. Ne6 b4 33. Re3 c3 34. Rd1 c2
35. Rde1 Nxd4 36. Bf4 Nxe6 37. fxe6 d4 38. Re5 Bxa2 39. e7 d3 40. g5 hxg5 41.
Rxg5 Ra7 0-1

[Event "BL 1415 Bayern München - SSC Rostock"]
[Site "?"]
[Date "2014.11.09"]
[Round "4.4"]
[White "Belezky, Alexander"]
[Black "Rudolf, Henrik"]
[Result "1-0"]
[WhiteElo "2451"]
[BlackElo "2357"]
[PlyCount "97"]
[EventDate "2014.??.??"]

1. e4 c5 2. Nf3 Nc6 3. Bb5 e6 4. O-O Nf6 5. Re1 Be7 6. Nc3 O-O 7. e5 Nd5 8.
Bxc6 bxc6 9. Ne4 f6 10. c4 fxe5 11. cxd5 cxd5 12. Ng3 e4 13. Ne5 Qc7 14. Ng4
Ba6 15. b3 Bd6 16. Bb2 Rf7 17. Nh5 e5 18. Re3 Raf8 19. Rg3 Kh8 20. Rh3 d4 21.
Qe1 Bd3 22. Ng3 Rf4 23. Qd1 Qd8 24. Nxe5 Qe8 25. Nxd3 exd3 26. f3 Qg6 27. Qf1
Re8 28. Re1 Rxe1 29. Qxe1 h6 30. Ne4 Be7 31. Qf1 d5 32. Nf2 c4 33. Qe1 Qd6 34.
g3 Rxf3 35. Bxd4 Bf6 36. Bxf6 Qxf6 37. bxc4 dxc4 38. Rh4 Qc6 39. Qe4 Qf6 40.
Qd4 Qe7 41. Re4 Qf7 42. Rf4 Rxf4 43. Qxf4 Qd5 44. Qb8+ Kh7 45. Qxa7 Qe5 46. Qa6
Qa1+ 47. Kg2 Qc1 48. Qa5 Qc2 49. a3 1-0

[Event "BL 1415 Bayern München - SSC Rostock"]
[Site "?"]
[Date "2014.11.09"]
[Round "4.5"]
[White "Gruenberg, Hans-Ulrich"]
[Black "Fedorovsky, Michael"]
[Result "0-1"]
[WhiteElo "2377"]
[BlackElo "2436"]
[PlyCount "54"]
[EventDate "2014.??.??"]

1. d4 Nf6 2. c4 e6 3. Nf3 d5 4. Nc3 c5 5. cxd5 cxd4 6. Qxd4 exd5 7. Bg5 Be7 8.
e3 Nc6 9. Bb5 O-O 10. Qa4 h6 11. Bh4 Be6 12. O-O Qb6 13. Rfd1 a6 14. Bxc6 bxc6
15. Qc2 Rab8 16. Rab1 Bg4 17. b3 Rbc8 18. Rd2 Qa5 19. Rd4 Be6 20. Ra4 Qb6 21.
Rd1 Rfd8 22. Nd4 c5 23. Nxe6 Qxe6 24. Ne2 g5 25. Bg3 Ne4 26. Nc3 Nxg3 27. hxg3
d4 0-1

[Event "BL 1415 Bayern München - SSC Rostock"]
[Site "?"]
[Date "2014.11.09"]
[Round "4.6"]
[White "Meister, Peter"]
[Black "Tomczak, Rafal"]
[Result "1-0"]
[WhiteElo "2411"]
[BlackElo "2374"]
[PlyCount "133"]
[EventDate "2014.??.??"]

1. d4 d5 2. c4 e6 3. Nc3 Nf6 4. Bg5 Be7 5. e3 O-O 6. Nf3 c6 7. Qc2 Nbd7 8. a3
h6 9. Bh4 Re8 10. Bd3 Nf8 11. O-O dxc4 12. Bxc4 Ng6 13. Bg3 Nd5 14. Ne2 Bd6 15.
Rad1 Bxg3 16. hxg3 Qc7 17. Ba2 b6 18. e4 Nf6 19. Rfe1 Ba6 20. Nc3 Rad8 21. e5
Nd5 22. Ne4 Nf8 23. Rc1 Bb7 24. Nd6 Rxd6 25. exd6 Qxd6 26. Ne5 Rc8 27. b4 Ne7
28. Qe4 Nd5 29. Qf3 Rc7 30. Rc2 Nf6 31. Qf4 Nd5 32. Qf3 Nf6 33. Qf4 Nd5 34. Qd2
Ne7 35. Nc4 Qd8 36. Rd1 Nfg6 37. Ne5 Qd6 38. Qe2 Nf8 39. Nc4 Qd8 40. Ne5 Nf5
41. Qd2 Qd6 42. g4 Nh4 43. g3 Nhg6 44. f4 Ne7 45. Kh2 Nd5 46. Rdc1 f6 47. Nc4
Qd8 48. Ne3 Re7 49. Re1 Qd6 50. Qf2 Kh8 51. Bc4 Nc7 52. Rd1 Nd5 53. Kg1 Nd7 54.
Nxd5 cxd5 55. Bd3 Kg8 56. Rdc1 Nf8 57. Re2 Nd7 58. Qe3 Nf8 59. g5 hxg5 60. fxg5
e5 61. Bf5 Ba6 62. gxf6 Qxf6 63. Rf2 exd4 64. Qf3 Qe5 65. Bc8 Bxc8 66. Rxc8 Re8
67. Qf7+ 1-0

[Event "BL 1415 Bayern München - SSC Rostock"]
[Site "?"]
[Date "2014.11.09"]
[Round "4.7"]
[White "Becker, Michael"]
[Black "Renner, Christoph"]
[Result "0-1"]
[WhiteElo "2321"]
[BlackElo "2375"]
[PlyCount "82"]
[EventDate "2014.??.??"]

1. e4 e6 2. d3 c5 3. Nf3 Nc6 4. g3 Nf6 5. Bg2 d6 6. O-O Be7 7. Re1 O-O 8. c3
Bd7 9. a3 b5 10. b4 d5 11. exd5 exd5 12. Bg5 Rc8 13. Nbd2 h6 14. Bf4 Bf5 15.
Nb3 d4 16. c4 bxc4 17. dxc4 cxb4 18. Nfxd4 Nxd4 19. Qxd4 Be6 20. Qxa7 Rxc4 21.
Na5 Bc5 22. Qa6 Rc2 23. Red1 Qb6 24. Qxb6 Bxb6 25. axb4 Rxf2 26. Kh1 g5 27. Bd6
Rc8 28. Nc6 Kh7 29. b5 Ng4 30. Nd4 Rb2 31. Be4+ f5 32. Bc6 Nf2+ 33. Kg1 Nxd1
34. Rxd1 Bb3 35. Rd3 Bc4 36. Rd1 Be2 37. Bd7 Bxd1 38. Bxf5+ Kg8 39. Be6+ Kh7
40. Bf5+ Kg7 41. Be5+ Kf7 0-1

[Event "BL 1415 Bayern München - SSC Rostock"]
[Site "?"]
[Date "2014.11.09"]
[Round "4.8"]
[White "Zajogin, Alexander"]
[Black "Weber, Max"]
[Result "0-1"]
[WhiteElo "2393"]
[BlackElo "2187"]
[PlyCount "74"]
[EventDate "2014.??.??"]

1. d4 Nf6 2. c4 g6 3. Nc3 d5 4. e3 Bg7 5. Qb3 e6 6. Qa3 a5 7. Nf3 c6 8. cxd5
exd5 9. Bd3 Na6 10. O-O Nb4 11. Bb1 O-O 12. Bd2 Re8 13. Ne5 Bf8 14. Qa4 Nd7 15.
Nxd7 Bxd7 16. a3 Na6 17. Bd3 Nc7 18. Qb3 Ne6 19. Rae1 Bd6 20. Re2 Qh4 21. f4 b5
22. Be1 Qh5 23. h3 b4 24. g4 Qxh3 25. Nxd5 cxd5 26. Qxd5 Nxf4 27. Rxf4 Bxf4 28.
Qxd7 Bxe3+ 29. Bf2 Bxf2+ 30. Kxf2 Rxe2+ 31. Bxe2 Qh4+ 32. Kg2 Qd8 33. Qb7 Rb8
34. Qe4 Qf6 35. Qe3 Rd8 36. axb4 axb4 37. b3 Qxd4 0-1

[Event "BL 1415 Schwäbisch Hall - Hamburger SK"]
[Site "?"]
[Date "2014.11.09"]
[Round "4.1"]
[White "Van Kampen, Robin"]
[Black "Li, Chao b"]
[Result "0-1"]
[WhiteElo "2641"]
[BlackElo "2711"]
[PlyCount "72"]
[EventDate "2014.??.??"]

1. e4 c5 2. Nf3 d6 3. d4 cxd4 4. Nxd4 Nf6 5. Nc3 Nc6 6. Bg5 e6 7. Qd2 a6 8.
O-O-O Bd7 9. f4 h6 10. Bh4 b5 11. Bxf6 gxf6 12. Kb1 b4 13. Nce2 Qb6 14. g3 Rc8
15. Qd3 Na5 16. b3 Nb7 17. Bg2 h5 18. Qf3 Bg7 19. g4 a5 20. g5 fxg5 21. fxg5
Qc5 22. g6 fxg6 23. e5 Nd8 24. exd6 e5 25. Rhe1 Nf7 26. Ng3 Nxd6 27. Ne4 Nxe4
28. Rxe4 Bf5 29. Qe2 Bxe4 30. Qxe4 Qd6 31. Bh3 O-O 32. Be6+ Kh7 33. Rg1 Rf6 34.
Bxc8 exd4 35. Qe2 d3 36. Qd2 Qd4 0-1

[Event "BL 1415 Schwäbisch Hall - Hamburger SK"]
[Site "?"]
[Date "2014.11.09"]
[Round "4.3"]
[White "Kempinski, Robert"]
[Black "Cornette, Matthieu"]
[Result "1/2-1/2"]
[WhiteElo "2620"]
[BlackElo "2548"]
[PlyCount "40"]
[EventDate "2014.??.??"]

1. d4 Nf6 2. c4 e6 3. Nf3 d5 4. e3 b6 5. Nbd2 Bb7 6. Be2 Nbd7 7. b3 Bd6 8. Bb2
O-O 9. O-O Qe7 10. Ne5 Rfd8 11. Qc2 c5 12. Nxd7 Rxd7 13. dxc5 Bxc5 14. Rad1
Rad8 15. Nf3 dxc4 16. Qxc4 Rxd1 17. Rxd1 Rxd1+ 18. Bxd1 Qd7 19. Bc2 Be7 20. h3
Qc6 1/2-1/2

[Event "BL 1415 Schwäbisch Hall - Hamburger SK"]
[Site "?"]
[Date "2014.11.09"]
[Round "4.4"]
[White "Wirig, Anthony"]
[Black "Ernst, Sipke"]
[Result "0-1"]
[WhiteElo "2490"]
[BlackElo "2555"]
[PlyCount "160"]
[EventDate "2014.??.??"]

1. Nf3 d5 2. g3 c6 3. Bg2 Bg4 4. d3 Nd7 5. O-O Ngf6 6. Qe1 e5 7. e4 dxe4 8.
dxe4 Be7 9. Nbd2 Qc7 10. a4 O-O 11. h3 Bh5 12. Nh4 Rfe8 13. Nc4 Nc5 14. Nf5 Bf8
15. Bg5 Nfd7 16. Be3 Red8 17. Qc3 Be2 18. Rfb1 a5 19. b3 Ne6 20. Na3 Bb4 21.
Qb2 Bc5 22. Re1 Bxe3 23. Nxe3 Nd4 24. Nf5 Nxf5 25. exf5 Ba6 26. Qc3 Qb6 27. Bf1
Bxf1 28. Kxf1 Qd4 29. Qe3 Qxe3 30. Rxe3 f6 31. Rd1 Nb6 32. Red3 Rxd3 33. Rxd3
Kf8 34. Nc4 Nxc4 35. bxc4 Ke7 36. c5 Rb8 37. Rd6 b5 38. axb5 Rxb5 39. Rxc6 Kd7
40. Ra6 Rxc5 41. Ke1 Kc7 42. Kd2 Kb7 43. Re6 a4 44. Kc1 Rb5 45. Re7+ Kb6 46.
Re6+ Ka7 47. Rc6 Rb4 48. h4 Kb7 49. Rc5 Kb6 50. Rc3 h5 51. Rc8 e4 52. c3 Rb5
53. Rb8+ Kc6 54. Ra8 Rxf5 55. Rxa4 Rxf2 56. Rxe4 Rf3 57. g4 Rxc3+ 58. Kd2 Rc5
59. gxh5 Rxh5 60. Rg4 Rh7 61. Rd4 g6 62. Ke3 Kc5 63. Ra4 Kd5 64. Kf3 Ke6 65.
Ra6+ Kf7 66. Kg4 Kg7 67. Kg3 Rh8 68. Rb6 f5 69. Rb7+ Kh6 70. Ra7 Rb8 71. Kg2
Rb4 72. Kh3 Rb3+ 73. Kg2 Kh5 74. Rh7+ Kg4 75. Rh6 Rb6 76. Kf2 f4 77. Kg2 Rc6
78. Kf2 Ra6 79. Kg2 f3+ 80. Kf2 Kf4 0-1

[Event "BL 1415 Schwäbisch Hall - Hamburger SK"]
[Site "?"]
[Date "2014.11.09"]
[Round "4.5"]
[White "Svane, Rasmus"]
[Black "Zeller, Frank"]
[Result "0-1"]
[WhiteElo "2506"]
[BlackElo "2445"]
[PlyCount "58"]
[EventDate "2014.??.??"]

1. d4 Nf6 2. Nf3 e6 3. c4 c5 4. d5 b5 5. e4 Nxe4 6. Bd3 Nf6 7. O-O Be7 8. Nc3
a6 9. Re1 O-O 10. cxb5 axb5 11. Bxb5 Qb6 12. Bf4 Bb7 13. d6 Bd8 14. Ne5 Nd5 15.
Nxd5 Bxd5 16. a4 Bf6 17. Ra3 Bxe5 18. Bxe5 f6 19. Bf4 Nc6 20. Rd3 Nb4 21. Rh3
Rf7 22. b3 Nc6 23. Be3 Nd4 24. Bxd4 cxd4 25. f4 Rc8 26. Rd3 Rc3 27. Rxd4 e5 28.
fxe5 fxe5 29. Rxe5 Qxd4+ 0-1

[Event "BL 1415 Schwäbisch Hall - Hamburger SK"]
[Site "?"]
[Date "2014.11.09"]
[Round "4.6"]
[White "Womacka, Mathias"]
[Black "Ftacnik, Lubomir"]
[Result "1/2-1/2"]
[WhiteElo "2439"]
[BlackElo "2557"]
[PlyCount "100"]
[EventDate "2014.??.??"]

1. e4 c5 2. Nf3 d6 3. d4 cxd4 4. Nxd4 Nf6 5. Nc3 a6 6. Be2 e6 7. O-O Be7 8. f4
O-O 9. Kh1 Qc7 10. a4 Nc6 11. Be3 Re8 12. Bd3 Nb4 13. a5 Bd7 14. Qf3 Bc6 15.
Qg3 Bf8 16. Qh4 Nd7 17. Rf3 Qd8 18. Qh3 g6 19. f5 exf5 20. Nxf5 Ne5 21. Rg3 Bd7
22. Bg5 Bxf5 23. exf5 Nexd3 24. cxd3 Nxd3 25. Qxh7+ Kxh7 26. fxg6+ fxg6 27.
Bxd8 Nf2+ 28. Kg1 Raxd8 29. Kxf2 d5 30. Re1 Bc5+ 31. Kf1 Rxe1+ 32. Kxe1 Bb4 33.
Ke2 Bxa5 34. Rd3 Re8+ 35. Kf3 Bxc3 36. Rxc3 Re7 37. Rc5 d4 38. b4 Rd7 39. Ke2
d3+ 40. Kd2 Kh6 41. b5 Rf7 42. bxa6 bxa6 43. Kxd3 Rf2 44. Ra5 Rxg2 45. Ke3 Rxh2
46. Kf3 Rb2 47. Rxa6 Kh5 48. Kg3 Rb3+ 49. Kg2 g5 50. Ra4 g4 1/2-1/2